Welcome to the Holygrace Academy Library

Please use search bar below to get started

GRUESOME GRUB (Record no. 6197)

MARC details
000 -LEADER
fixed length control field 00572nam a22001457a 4500
020 ## - INTERNATIONAL STANDARD BOOK NUMBER
ISBN 0-7496-2033-1
082 ## - DEWEY DECIMAL CLASSIFICATION NUMBER
Classification number 823
Item number ELD/G
100 ## - MAIN ENTRY--AUTHOR NAME
Personal name ELDIN, PETER
245 ## - TITLE STATEMENT
Title GRUESOME GRUB
260 ## - PUBLICATION, DISTRIBUTION, ETC. (IMPRINT)
Place of publication UK
Name of publisher WATT BOOKS
Year of publication 1995
300 ## - PHYSICAL DESCRIPTION
Number of Pages 92
520 ## - SUMMARY, ETC.
Summary, etc Here's a terrific collection of revolting recipes for the budding grossologist, including sweet and savory dishes, hot and cold food, and drinks. Kids can enjoy trying out their cookery skills and throw a gruesome party to gorge themselves on gorgeous but disgusting-sounding treats.
650 ## - SUBJECT ADDED ENTRY--TOPICAL TERM
Topical Term SHORT STORY
942 ## - ADDED ENTRY ELEMENTS (KOHA)
Koha item type Books

No items available.